les sports collectifs - Statistiques

Statistiques générales
  • Ce quiz a été pris 95 fois
  • Le résultat moyen est 7 sur 15
Statistiques - réponses
Question Réponse % Correct
Quel pays a rempoté le plus de fois le four nations ? nouvelle zélande
80%
Quel club a remporte le top 14 lors de la saison 2023-2024? toulouse
76%
Quel club a remporté le plus de fois la ligue europa ? seville
68%
Quel pays a le plus remporté de championnat du monde masculin de handball ? france
60%
Qui a remporté le national lors de la saison 2023-2024 (football)? red star
60%
Qui a remportes le plus d'euroligue (basket) ? real madrid
56%
Quel club a remporté le plus la nba ? celtics boston
48%
Quel club a remporte le plus de championnat de la ligue de handball ? montpellier
48%
Quel club a rempoté le plus de betclic elite ? asvel
40%
Qui a remporté le national lors de la saison 2023-2024 (rugby)? nice
40%
Quelle franchise a remporté le plus de NFL ? packers green bay
28%
Quel club a rempoté le plus de ligue magnus ? chamonix
20%
Qui est le meilleur buteur de l'histoire de la ligue 1? onnis
20%
Quel club a remporté le plus de fois la ligue 2 ? le havre
16%
Quel club a remporté le plus championnat de France masculin de volley-ball ? cannes
12%
Aucun quiz correspondant
Distribution des résultats
% des personnes avec chaque résultat
Percentile par nombre de réponses
Votre historique - résultats
Vous n’avez pas pris ce quiz